000 00615nam a2200265Ia 4500
005 20260121165731.0
008 008 260114s9999 xx 000 0 eng d
020 _a9783319305790
037 _aEBOOK
040 _aCRL
040 _beng
040 _cCRL
041 _2eng
041 _aeng
084 _qCRL
100 _aNick Kanas
_91055376
245 4 _aThe Caloris Network
260 _bSpringer
260 _bSpringer
260 _c2016
856 _uhttps://link.springer.com/openurl?genre=book&isbn=978-3-319-30579-0
942 _cEBOOK
999 _c1621104
_d1621104